| 000 | 00816nam a22001937a 4500 | ||
|---|---|---|---|
| 008 | 160921b xxu||||| |||| 00| 0 eng d | ||
| 020 | _a0787940305 | ||
| 050 |
_aLB 2268 _b.W35 1998 |
||
| 100 | _aWalvoord, Barbara E. | ||
| 245 |
_aEffective grading: _ba tool for learning and assessment/ _cBarbara E.Walvoord and Virginia Johnson Anderson |
||
| 260 |
_aSan fransisco: _bJossey bass awiley company; _c1998. |
||
| 300 |
_axxii,250p. :ill. ; _bInclude bibliographical references and index _c22cm |
||
| 650 |
_aGrading and marking(students) _xUnited states. |
||
| 650 |
_aCollege student _xrating of _yunited states. |
||
| 650 |
_aEducational tests and measurements _xUnited states. |
||
| 700 | _aAnderson, Virginia Johnson | ||
| 700 | _aAngelo, Thomas A. | ||
| 942 |
_2lcc _cBOOKS _hLB 2368 .W35 1998 |
||
| 999 |
_c13956 _d13956 |
||